| 000 | 00658nam a22002417a 4500 | ||
|---|---|---|---|
| 003 | OSt | ||
| 005 | 20180116183004.0 | ||
| 008 | 150805b xxu||||| |||| 00| 0 eng d | ||
| 020 | _a9781107400139 | ||
| 022 | _a9781107400139 | ||
| 040 | _c0 | ||
| 050 | _a407.11 | ||
| 082 | _a407.11 | ||
| 100 | _aRichards,Jack C. | ||
| 245 |
_aProfessional Development for Language Teachers. _bStrategies for Teacher Learning. _cJack C.Richards. |
||
| 250 | _a1st. | ||
| 260 |
_aNew York _bCAMBRIDGE University Press. _c2005. |
||
| 300 | _a202p. | ||
| 500 | _aPaper Cover | ||
| 600 | _aRichards,Jack C. | ||
| 700 | _aRichards,Jack C. | ||
| 942 |
_2ddc _cBK _k407.11 |
||
| 999 |
_c349984 _d349984 |
||